000 01307nac a22003251u 4500
003 EG-ScBUE
005 20211201124338.0
008 120826s1980 ua f b 000 0 eara d
017 _a1980 / 3083
020 _a9772477330243
040 _aEG-ScBUE
_bara
_erda
_cEG-ScBUE
_dEG-ScBUE
082 0 4 _a892.783
_bض ي ف
_222
100 1 _aضيف، شوقي،
_d1910-2005،
_eمؤلف.
_915989
245 1 2 _aالفن ومذاهبه في النثر العربي /
_cتأليف الدكتور شوقي ضيف.
250 _aالطبعة التاسعة.
264 1 _aالقاهرة :
_bدار المعارف،
_c1980.
300 _a398 صفحة ؛
_c24 سم.
336 _2rdacontent
_aنص
_btxt
337 _2rdamedia
_aبدون وسيط
_bn
338 _2rdacarrier
_aمجلد
_bnc
490 0 _aمكتبة الدراسات الأدبية ؛
_v19
504 _aيشتمل على إرجاعات ببليوجرافية.
650 7 _aالنثر العربي
_xتاريخ ونقد.
_2BUEsh
_930874
650 7 _aالنثر العربي
_xتاريخ
_yالعصر العباسي.
_2BUEsh
_927110
650 7 _aالنثر العربي
_xتاريخ
_yالعصر الجاهلي.
_2BUEsh
_930875
651 _2BUEsh
653 _bARALIT
_cDecember2021
655 _vReading book
_934232
942 _cBB
_k892.783 ض ي ف
_2ddc
999 _c5642
_d5642